00584nam a22001697a 450000500170000001000150001702000260003203500140005803700130007208200140008510000270009924501180012626000370024427000670028130000250034850000410037320170627164518.0 aENG-118922 a9789386288028c860.00 aEN-102454 bDBAD/PUB a320.95845 aChatterjee, Suchandana aImages of post - soviet kazakhstan :cby Suchandana Chatterjeeba cosmopolittan space with borderland anxieties / aNew DelhibKnowledge Worldc2017 a4676/21, First Floor, Ansari Road DaryaganjbNew Delhie110002 axxvi,169p.c23cm(Hb) aIncludes bibliographical reference